Datum a čas kvízu
19
Celkem bodů
Celkový počet nahraných bodů na tomto kvízu bez doplňovacích otázek.
6.
Pořadí na kvízu
Konečné umístění týmu na tomto kvízu.
Zaznamenané odpovědi
| # | Otázka | Odpověď | Body | Výsledky |
|---|---|---|---|---|
| 1. | Pražská povolební jednání se c... | 0 | ||
| 2. | Jedna evropská země vydala pop... | 1 | ||
| 3. | Americký herec David Schwimmer... | 0 | ||
| 4. | Bývalý ministr obrany Jaroslav... | 1 | ||
| 5. | Jak se jmenuje záložník, jenž... | 0 | ||
| 6. | V různých seriálech se objevil... | 1 | ||
| 7. | Napište jména herců, kteří ztv... | 1 | ||
| 8. | Walter White a Jesse Pinkman.... | 0 | ||
| 9. | Excentrický sedmdesátiletý věd... | 0 | ||
| 10. | A nakonec dvojice z českých ve... | 0 |